| 000 | 01865nam2a22003731 4500 | ||
|---|---|---|---|
| 001 | v19\rc\1950751 | ||
| 005 | 20251118181106.6 | ||
| 035 | _a(NLR Aleph) 005053992 | ||
| 090 |
_a6924814 _c6924814 |
||
| 100 | _a20080428d1913 u y0rusy50 ca | ||
| 101 | 1 |
_arus _ceng _ceng |
|
| 102 | _aRU | ||
| 105 | _ay z ||||| | ||
| 200 | 1 |
_a[Пенитель моря, или Морская волшебница _dThe water witch _fПер. А. Богданова _zeng _aБраво (Венецианский бандит) _dThe bravo _fПер. В.А. Гатцука] _zeng |
|
| 215 | _a296, 248 с. | ||
| 461 | 0 |
_1001v19\rc\1950744 _12001#$aИллюстрированное собрание романов Фенимора Купера$e[С портр. авт. и биогр. очерком]. [Т. 1-12]$v[Т. 7]. Кн. 20-22 _1700#1$aКупер$bД.Ф.$f1789-1851$gДжеймс Фенимор _96924745 _aКупер, Д. Ф. (1789-1851) _cСанкт-Петербург _d[1913] _nП.П. Сойкин _o[С портр. авт. и биогр. очерком]. [Т. 1-12] _p12 т. _tИллюстрированное собрание романов Фенимора Купера _v[Т. 7]. Кн. 20-22 |
|
| 510 | 1 |
_aThe water witch _zeng |
|
| 510 | 1 |
_aThe bravo _zeng |
|
| 517 | 1 | _aМорская волшебница | |
| 517 | 1 | _aВенецианский бандит | |
| 540 | 1 | _aПенитель моря, или Морская волшебница | |
| 702 | 1 |
_aБогданов _bА. _4730 |
|
| 702 | 1 |
_aГатцук _bВ.А. _gВладимир Алексеевич _4730 |
|
| 801 | 0 |
_aRU _bNLR _gpsbo |
|
| 801 | 0 |
_aRU _bRuMoRGB _2psbo |
|
| 801 | 1 |
_aRU _bProSoft-M _2rusmarc |
|
| 852 |
_aNLR _j129/972(20-22) |
||
| 852 |
_aNLR _j18.311.7А.3(20-22) |
||
| 899 |
_aRuMoRGB _jV 34/83 |
||
| 899 | _aБАН | ||
| 899 |
_aRuMoRGB _jU 158/74 |
||
| 942 | _cBOOK | ||
| 980 | _aNB | ||